000 01456nam a2200457 i 4500
001 5315
003 KOSZ 005
005 20230110141425.0
008 970513s1992 pl a |001 0 pol
015 _aUWD 1992/401
020 _a8301099445
035 _a991001186519705066
035 _a(PL-WaBN)b10349625-48omnis_nlop
035 _ab10349625
035 _a(OCoLC)749646615
035 _azz2003940648
035 _a(PL)b0000001034962
035 _a(EXLNZ-48OMNIS_NETWORK)9910428607405606
040 _aWA N
_cWA N
_dKOSZ 005/HR
046 _k1992
080 _a66.01/.09
100 1 _aBortel, Edgar
_d(?-2015)
_eAutor
245 1 0 _aZarys technologii chemicznej /
_cEdgar Bortel, Henryk Koneczny.
260 _aWarszawa :
_bWydawnictwo Naukowe PWN,
_c1992.
300 _a567, [1] s. :
_brys., wykr. ;
_c25 cm.
336 _aTekst
_btxt
_2rdacontent
337 _aBez urządzenia pośredniczącego
_bn
_2rdamedia
338 _aWolumin
_bnc
_2rdacarrier
380 _aKsiążki
388 _a1901-2000
388 _a1989-2000
504 _aIndeks.
650 7 _aTechnologia chemiczna
_2DBN
658 _aChemia
658 _aInżynieria i technika
700 1 _aKoneczny, Henryk
_d(1927-2004)
_eAutor
710 2 _aWydawnictwo Naukowe PWN
_4pbl
856 _uhttp://koha.tu.koszalin.pl/cgi-bin/koha/opac-detail.pl?biblionumber=5315
_yKatalog online BPK
942 _2UKD
_cKS
999 _c5315
_d5315